00846nam a2200241Ia 4500003000400000005001700004008004100021020001800062040001800080041000800098082002100106100002900127245007700156250001200233260004300245300002300288650002900311650004100340650005100381942002800432999001900460952012500479OSt20240701114727.0210716s2019 xx 000 0 und d a9789353285906 cAIMIT LIBRARY aeng a374.22 21bROBS aRory, Simon Mac.9172071 aWake up ans smell the coffee: bImperative of teams/cBy Simon Mac rORY. a1st ed. aNew Delhi ;bSage Publications ,c2019 a242p. ;bPBc27 cm aSmell the coffee9172072 aMaking a great cup of coffee9172073 aWhat kind of coffee do we have anyway.9172074 2ddccBKe1stk374.22ROS c211451d211451 001040708MBAaAIMITbAIMITd2019-11-09g495.00l0o374.22 RORSpMBA14020r2026-05-23 00:00:00v396.00w2021-07-16yBK